000
00187nam a2200085Ia 4500
008
170617s9999 xx 000 0 und d
100
_a
Bhattyachayra
245
0
_a
Pharmacology
260
_b
Elesvir Pub
260
_c
2009
999
_c
15398
_d
15398